El hombre reconocido. Comprobando las ideas del Sr. J. N. T. Francisco Tello de Meneses. Puebla 31 de octubre de 1820

Detalles Bibliográficos
Autor principal: Tello de Meneses, Francisco
Otros Autores: Troncoso, Juan Nepomuceno
Formato: Libro
Lenguaje:Spanish
Publicado: Puebla : imprenta Liberal, 1820.
Materias:
Colección:Banco de datos
Acervo:Biblioteca Palafoxiana. Colección de Pliegos Sueltos
Descripción Física:4 p. ; 4°
Tema general:Política
Notas:Daños de humedad
LEADER 00686nam a22002050004500
035 |a 1531 
041 0 |a spa 
082 0 4 |a FR/PAFX/IMPS/C059/01684 
100 1 |a Tello de Meneses, Francisco 
245 1 0 |a El hombre reconocido. Comprobando las ideas del Sr. J. N. T. Francisco Tello de Meneses. Puebla 31 de octubre de 1820 
260 |a Puebla : imprenta Liberal, 1820. 
300 |a 4 p. ; 4° 
500 |a Daños de humedad 
610 1 4 |a México - Historia - Guerra de Independencia, 1810-1821 
650 1 0 |a Política 
700 1 |a Troncoso, Juan Nepomuceno 
949 |a I01683 
942 |c PALAPLIE 
943 |g Biblioteca Palafoxiana. Colección de Pliegos Sueltos 
999 |c 1074821  |d 1074821